| 000 | 00322nam a22001337a 4500 | ||
|---|---|---|---|
| 999 |
_c527221 _d527221 |
||
| 020 | _a9789350146149 | ||
| 040 | _cNUST | ||
| 082 |
_a625.76 _bXIA |
||
| 100 |
_axiangshen Hou _918357 |
||
| 245 | _aHighway Maintenance and management | ||
| 260 |
_aNew Delhi _bS.K Kataria _c2011 |
||
| 300 | _bPB,ill,328 | ||
| 942 |
_2ddc _cBK |
||